000 00522nam a22001697a 4500
999 _c40678
_d40678
003 OSt
005 20200606120112.0
008 191028b ||||| |||| 00| 0 eng d
020 _a9789382432692
040 _cMESKC library
082 _a891.433
_bSAC/A
100 _aSachdev,Gautam
_981
245 _aAadhi Peeli Aadhi Hari:
_bA Collection of Short Stories/
_cDr.Gautam Sachdev
260 _aKanpur:
_bAman Prakashan,
_c2013.
300 _a152p
942 _2ddc
_cBK
_h891.433
_iSAC/A
_k891.433
_mSAC/A